书目信息 |
| 题名: |
七七事变
|
|
| 作者: | 戴守义 著 | |
| 分册: | ||
| 出版信息: | 北京 中国文史出版社 1986.05 |
|
| 页数: | 336页 | |
| 开本: | 20cm | |
| 丛书名: | 原国民党将领抗日战争亲历记 | |
| 单 册: | ||
| 中图分类: | K265.4 | |
| 科图分类: | ||
| 主题词: | 中国--历史 | |
| 电子资源: | ||
| ISBN: | ||
| 000 | 00638nam0 2200229 45 | |
| 001 | 0204171546 | |
| 005 | 20040518082530.5 | |
| 010 | @dCNY3.20 | |
| 091 | @a11224.195 | |
| 100 | @a20020417d1986 km y0chiy0120 ea | |
| 101 | 0 | @achi |
| 105 | @aab z 000yy | |
| 200 | 1 | @a七七事变@AQi Qi Shi Bian@f戴守义等著@FDai Shou Yi Deng Zhu |
| 210 | @a北京@c中国文史出版社@d1986.05 | |
| 215 | @a336页@c照片,地图@d20cm | |
| 225 | @a原国民党将领抗日战争亲历记 | |
| 410 | @12001 @a原国民党将领抗日战争亲历记 | |
| 606 | 0 | @a中国@x历史 |
| 690 | @aK265.4@v3 | |
| 701 | 0 | @a戴守义@4著 |
| 801 | @aCN@bTSTC@c20020417 | |
| 905 | @dK265.4@e43@f1@b251679 | |
| 七七事变/戴守义等著.-北京:中国文史出版社,1986.05 |
| 336页:照片,地图;20cm.-(原国民党将领抗日战争亲历记) |
| ISBN :CNY3.20 |
| ● |
| 相关链接 |
|
|
|
|
正题名:七七事变
索取号:K265.4/43
 
预约/预借
| 序号 | 登录号 | 条形码 | 馆藏地/架位号 | 状态 | 备注 |
| 1 | 0251679 | 000354565 | 第二借阅区/ [索取号:K265.4/43] | 在馆 | |
| 2 | 0251680 | 001790486 | 密集书库/ [索取号:K265.4/43] | 在馆 | |
| 3 | 0251681 | 000354609 | 第二样本阅览室/ [索取号:K265.4/43] | 在馆 |